02563nam a22003257i 4500001000700000003000500007005001700012008004100029017001800070020001500088040003000103080001300133100002900146245011800175250002400293260003200317300002000349336002200369337003000391338002400421490002300445500007900468520147600547650001902023655003002042700002602072700001902098830002302117852009702140194050RBPG20250825062638.0240219s2001 sp | 00| 0 spa  aB 42402--2001 a8474328950 aSpMaBNbglgcSpMaBNdcol2 0a087.5:17 0aTugendhat, Ernst,d1930-13aEl libro de Manuel y Camila :bdiálogos sobre ética /cErnst Tugendhat, Ana María Vicuña y Celso López. a1ª ed., 3ª reimp. aBarcelona :bGedisa,c2001. a165 p. ;c23 cm 2rdacontentatexto 2rdamediaasin mediación 2rdacarrieravolumen1 aCampo de estrellas aTraducción de: Wie sollen wir handeln? Schülergespräche über Moral a¿Por qué el asesinato es el peor crimen? ¿Por qué hay que respetar a los demás? ¿Cuándo se debe ayudar a otras personas? ¿Por qué se deben cumplir las promesas? ¿Qué significa ser responsable? ¿Por qué es malo robar? Estas y muchas otras cuestiones dan lugar a animadas y a veces acaloradas discusiones sobre las que Manuel, Camila y sus compañeros de clase dicen lo que piensan y sienten, inquietos por los sucesos que cuentan sus padres en casa, que ven en la televisión, en la calle e incluso en el patio de colegio. Por primera vez sienten la necesidad de encontrar respuestas a tantos interrogantes que las acciones humanas despiertan y despertarán en ellos durante el resto de sus vidas. Ernst Tugendhat, el prestigioso filósofo alemán, en colaboración con Celso López y Ana María Vicuña, profesores de primaria con una larga experiencia docente en Chile han escrito un libro desenfadado y nada forzado mediante el cual niños y adolescentes aprenderán a pensar éticamente, a través de la lectura de lo que dicen y piensan niños que están igualmente aprendiendo a hacerlo. En El libro de Manuel y Camila no se dice nada acerca de las opiniones de los grandes filósofos, ni siquiera todas las preguntas encuentran respuesta, pero al lector le quedará la impresión de que aquí todos los participantes han hecho grandes y sinceros esfuerzos. ¿Y no es esto lo que en el fondo se puede esperar de la Filosofía? 7aÉtica2embne 72tgfbneaLibros infantiles 0aVicuña, Ana María10aLópez, Celso aCampo de estrellas aES-MaACLbR.155063cDEPOJjN-9839xEncuadernación cartonéhDonación: Verónica Torres